[Event "Xtracon Chess Open 2018"]
[Site "Elsinore"]
[Date "2018.07.29"]
[Round "10"]
[White "Jepson, Christian"]
[Black "Bosiocic, Marin"]
[Result "0-1"]
[WhiteElo "2410"]
[BlackElo "2589"]
[EventDate "2018.07.21"]
[WhiteFideId "1701185"]
[BlackFideId "14507927"]

1.d4 Nf6 2.c4 e6 3.Nc3 Bb4 4.e3 O-O 5.Bd3 d5 6.Nf3 c5 7.O-O Nc6 8.a3 Bxc3 
9.bxc3 dxc4 10.Bxc4 Qc7 11.Bb2 e5 12.h3 Bf5 13.Bb5 Rfd8 14.Qe2 e4 15.Nd2 
Bg6 16.f3 exf3 17.Rxf3 a6 18.Bc4 Na5 19.Ba2 Qb6 20.Nc4 Nxc4 21.Bxc4 Rac8 
22.Ba2 c4 23.Rd1 Bd3 24.Rxd3 cxd3 25.Qd2 Re8 26.Ba1 Qb5 27.e4 Rxe4 28.c4 
Qe8 29.d5 Re1+ 30.Rf1 Qe3+ 31.Qxe3 Rxe3 32.Bd4 Re2 33.Bb3 d2 34.d6 Re1 35.
c5 Kf8 36.Bc3 Rxc5 37.Bb4 Rxf1+ 38.Kxf1 Rf5+ 39.Ke2 Ke8 40.Bxd2 Ne4 41.Bb4
a5 42.Be1 Nxd6 0-1

[Event "Xtracon Chess Open 2018"]
[Site "Elsinore"]
[Date "2018.07.29"]
[Round "10"]
[White "Hansen, Sune Berg"]
[Black "Johansson, Linus"]
[Result "1-0"]
[WhiteElo "2584"]
[BlackElo "2454"]
[EventDate "2018.07.21"]
[WhiteFideId "1400266"]
[BlackFideId "1711113"]

1.d4 Nf6 2.c4 e6 3.Nf3 d5 4.e3 Be7 5.Nc3 O-O 6.a3 b6 7.Bd3 c5 8.O-O cxd4 
9.exd4 dxc4 10.Bxc4 Bb7 11.Re1 Nc6 12.Ba2 Rc8 13.Qd3 Na5 14.Ng5 Bd5 15.
Nxd5 exd5 16.Bf4 h6 17.Nf3 Nc4 18.Re2 Re8 19.Rae1 Bf8 20.Ne5 g6 21.Nxc4 
Rxe2 22.Rxe2 dxc4 23.Bxc4 Nd5 24.Bd2 Rc7 25.h3 Bg7 26.Qb3 Rd7 27.g3 h5 28.
h4 Bxd4 29.Bg5 Nf6 30.Qf3 Kg7 31.b3 Ba1 32.Re1 Bb2 33.a4 Re7 34.Rb1 Be5 
35.Rd1 Qc7 36.Bb5 Bb2 37.Kg2 Qe5 38.Rd2 Ba1 39.Rc2 Re6 40.Bc4 Re7 41.Re2 
Qc7 42.Rd2 Be5 43.Rd3 Bb2 44.Qa8 Qb7+ 45.Qxb7 Rxb7 46.Rd8 Re7 47.Kf3 Be5 
48.Bd2 Ng4 49.Bb4 Rc7 50.Bf8+ Kh7 51.Ke2 Bf6 52.Re8 Rd7 53.Bb4 Kg7 54.Bb5 
Rd8 55.Bf8+ Kg8 56.Rxd8 Bxd8 57.Bd6 Kg7 58.f3 Nh6 59.Kd3 Nf5 60.Bb8 Kf6 
61.Bd7 a6 62.Ke4 Nh6 63.Bf4 Ke7 64.Bc8 Ng8 65.Bxa6 Nf6+ 66.Kd4 Nd7 67.Bc4 
Nc5 68.a5 Ne6+ 69.Bxe6 Kxe6 70.a6 b5 71.Ke4 1-0

[Event "Xtracon Chess Open 2018"]
[Site "Elsinore"]
[Date "2018.07.29"]
[Round "10"]
[White "Goff, Ronan Le"]
[Black "Lin, Chen"]
[Result "1/2-1/2"]
[WhiteElo "2295"]
[BlackElo "2508"]
[EventDate "2018.07.21"]
[WhiteFideId "612073"]
[BlackFideId "8602298"]

1.d4 Nf6 2.Nf3 g6 3.Nc3 d5 4.Bf4 Bg7 5.Nb5 Na6 6.e3 c6 7.Nc3 Qb6 8.a3 O-O 
9.Be2 Bg4 10.Na4 Qa5+ 11.c3 Bxf3 12.Bxf3 Qd8 13.b4 Nd7 14.Be2 Nc7 15.O-O 
e5 16.Bg3 Ne6 17.Nb2 f5 18.f4 exf4 19.exf4 Qc7 20.Nd3 a5 21.Ne5 Nxe5 22.
dxe5 axb4 23.axb4 b5 24.Qd2 Bh6 25.Rad1 Ra3 26.Kh1 Rfa8 27.Bd3 Ra2 28.Qe1 
Rb2 29.Ra1 Raa2 30.Rxa2 Rxa2 31.Qb1 Ra8 32.h3 Qa7 33.Qe1 Qa3 34.Bb1 Qb3 
35.Kh2 Ra3 36.Rf3 Ra1 37.Bxf5 Rxe1 38.Bxe6+ Kf8 39.Bxe1 Qc4 40.Bg3 Ke7 41.
Bg8 Kf8 42.Be6 Ke7 43.Bg8 Kf8 1/2-1/2

[Event "Xtracon Chess Open 2018"]
[Site "Elsinore"]
[Date "2018.07.29"]
[Round "10"]
[White "Grigorov, Grigor"]
[Black "Ni, Shiqun"]
[Result "1/2-1/2"]
[WhiteElo "2506"]
[BlackElo "2435"]
[EventDate "2018.07.21"]
[WhiteFideId "2907313"]
[BlackFideId "8608466"]

1.d4 Nf6 2.c4 g6 3.g3 c6 4.Nf3 Bg7 5.Bg2 d5 6.O-O O-O 7.Qb3 a5 8.cxd5 a4 
9.Qa3 cxd5 10.Nc3 Nc6 11.Bf4 Bf5 12.Rfd1 Qa5 13.Bd2 Qa6 14.Bf1 Qa7 15.Rac1
Rfd8 16.Nb5 1/2-1/2

[Event "Xtracon Chess Open 2018"]
[Site "Elsinore"]
[Date "2018.07.29"]
[Round "10"]
[White "Salomon, Johan"]
[Black "Raghunandan, Kaumandur Srihari"]
[Result "1-0"]
[WhiteElo "2462"]
[BlackElo "2417"]
[EventDate "2018.07.21"]
[WhiteFideId "1509500"]
[BlackFideId "25004964"]

1.e4 c5 2.Nf3 d6 3.Nc3 a6 4.g3 b5 5.d4 b4 6.Nd5 e6 7.Ne3 cxd4 8.Nxd4 Bb7 
9.Bg2 Nf6 10.a3 bxa3 11.Rxa3 Bxe4 12.Bxe4 Nxe4 13.O-O d5 14.Rd3 Nd7 15.c4 
Ndc5 16.cxd5 Nxd3 17.Qxd3 Nf6 18.dxe6 fxe6 19.Qc4 Qc8 20.Nc6 a5 21.Rd1 Be7
22.Qa4 Kf8 23.Nc4 Ra6 24.Nxe7 Kxe7 25.Qa3+ Kf7 26.Ne5+ Ke8 27.Bg5 Ra7 28.
Qa4+ Kf8 29.Qf4 Ke7 30.Rc1 1-0

[Event "Xtracon Chess Open 2018"]
[Site "Elsinore"]
[Date "2018.07.29"]
[Round "10"]
[White "Holm, Kristian Stuvik"]
[Black "Roy, Prantik"]
[Result "1/2-1/2"]
[WhiteElo "2453"]
[BlackElo "2347"]
[EventDate "2018.07.21"]
[WhiteFideId "1508083"]
[BlackFideId "5035120"]

1.d4 d5 2.c4 e6 3.Nf3 Nf6 4.Nc3 Nbd7 5.Bf4 dxc4 6.e3 Nd5 7.Bxc4 Nxf4 8.
exf4 Bd6 9.g3 a6 10.O-O O-O 11.Re1 b5 12.Bb3 Bb7 13.d5 exd5 14.Bxd5 Bxd5 
15.Qxd5 Nf6 16.Qc6 Qd7 17.Ne5 Qxc6 18.Nxc6 Rfe8 19.Kg2 Kf8 20.Kf3 Re6 21.
Rxe6 fxe6 22.a4 b4 23.Ne4 Nxe4 24.Kxe4 a5 25.Rc1 Ke8 26.b3 Kd7 27.h4 h5 
28.f3 Kc8 29.Ne5 Bxe5 30.fxe5 Kd7 31.Rc5 g6 32.Ke3 Ra6 33.Kd4 Ra8 34.Ke4 
Ra6 35.Kd3 Ra8 36.Rc4 Ra6 37.Kd4 Ra8 38.Kc5 Rb8 39.Rf4 Rb6 40.Rf7+ Kc8 41.
Rf6 Kb7 42.Rxg6 Rc6+ 43.Kb5 Rc3 44.Kxa5 Rxb3 45.f4 c5 46.Kb5 Rd3 47.Rg7+ 
Kc8 48.Rg8+ Kc7 49.Rg7+ Kc8 50.Rg8+ Kc7 51.Rg7+ 1/2-1/2

[Event "Xtracon Chess Open 2018"]
[Site "Elsinore"]
[Date "2018.07.29"]
[Round "10"]
[White "Rewitz, Poul"]
[Black "Chatalbashev, Boris"]
[Result "0-1"]
[WhiteElo "2289"]
[BlackElo "2543"]
[EventDate "2018.07.21"]
[WhiteFideId "1401033"]
[BlackFideId "2900440"]

1.d4 Nf6 2.c4 g6 3.Nc3 d5 4.cxd5 Nxd5 5.Bd2 Nb6 6.e3 Bg7 7.f4 O-O 8.Nf3 
N8d7 9.Ne4 Nf6 10.Nxf6+ exf6 11.Be2 Re8 12.O-O a5 13.Re1 Bf5 14.h3 a4 15.
g4 Be4 16.Kf2 a3 17.bxa3 Rxa3 18.Qc1 Bf8 19.h4 Nd5 20.g5 c6 21.Rg1 Nxf4 
22.exf4 Bxf3 23.Bxf3 Qxd4+ 24.Kg2 Rd3 25.Be1 Ba3 26.Qb1 Bb2 27.Rf1 Bxa1 
28.Bf2 Rd2 29.Kg3 Rxf2 30.Rxf2 Bc3 31.Be2 Qe3+ 32.Kg2 Bd4 0-1

[Event "Xtracon Chess Open 2018"]
[Site "Elsinore"]
[Date "2018.07.29"]
[Round "10"]
[White "Moradiabadi, Elshan"]
[Black "Debarshi, Mukherjee"]
[Result "1-0"]
[WhiteElo "2538"]
[BlackElo "2292"]
[EventDate "2018.07.21"]
[WhiteFideId "12501255"]
[BlackFideId "5007291"]

1.e4 c5 2.Nc3 d6 3.Nge2 Nf6 4.h3 d5 5.exd5 Nxd5 6.Ng3 Nxc3 7.dxc3 Qxd1+ 8.
Kxd1 e6 9.Be3 Nd7 10.a4 Nf6 11.Bb5+ Bd7 12.Ke2 O-O-O 13.c4 a6 14.Bxd7+ 
Rxd7 15.Nf1 Ne4 16.g4 Bd6 17.f3 Ng3+ 18.Nxg3 Bxg3 19.Bxc5 Rc7 20.b4 b6 21.
Bxb6 Rxc4 22.c3 Be5 23.Rhc1 Rxc3 24.f4 Kb7 25.fxe5 Rxc1 26.Rxc1 Kxb6 27.
Rf1 Rf8 28.Ke3 Kc6 29.Rc1+ Kd7 30.g5 Rh8 31.Rc4 h6 32.Rh4 Rc8 33.gxh6 gxh6
34.Kd3 Rc1 35.Rd4+ Ke7 36.Rc4 Rd1+ 37.Kc3 Rc1+ 38.Kd4 Rd1+ 39.Kc5 Rd5+ 40.
Kb6 Rxe5 41.Rc7+ Kd6 42.Rxf7 Re4 43.Ka5 Kd5 44.Rb7 Re1 45.Kxa6 e5 46.b5 e4
47.b6 e3 48.Re7 Kc6 49.a5 e2 50.b7 Rb1 51.Rxe2 Rxb7 52.Rc2+ 1-0

[Event "Xtracon Chess Open 2018"]
[Site "Elsinore"]
[Date "2018.07.29"]
[Round "10"]
[White "Delorme, Axel"]
[Black "Lammers, Markus"]
[Result "1-0"]
[WhiteElo "2515"]
[BlackElo "2293"]
[EventDate "2018.07.21"]
[WhiteFideId "632023"]
[BlackFideId "4680847"]

1.Nf3 Nf6 2.g3 b6 3.Bg2 Bb7 4.O-O c5 5.c4 e6 6.d4 cxd4 7.Qxd4 d6 8.Nc3 a6 
9.b3 Nbd7 10.Bb2 Be7 11.Rfd1 O-O 12.h3 Qc7 13.g4 Rac8 14.Rac1 Qb8 15.g5 
Ne8 16.h4 b5 17.cxb5 axb5 18.Qb4 Rc5 19.Ne4 Rxc1 20.Rxc1 f5 21.gxf6 Nexf6 
22.Nxf6+ Bxf6 23.Bxf6 Nxf6 24.Qxb5 Rc8 25.Rxc8+ Qxc8 26.Qb4 Qc7 27.Ng5 
Bxg2 28.Kxg2 Qd7 29.Qb8+ Ne8 30.b4 h6 31.Ne4 Kh7 32.b5 d5 33.Ng3 e5 34.a4 
Nd6 35.b6 Nf5 36.b7 Nxg3 37.Qc8 Qxa4 38.b8=Q Qe4+ 39.Kxg3 Qf4+ 40.Kg2 Qe4+
41.Kg1 1-0

[Event "Xtracon Chess Open 2018"]
[Site "Elsinore"]
[Date "2018.07.29"]
[Round "10"]
[White "Venkataraman, Karthik"]
[Black "Baum, Bernd"]
[Result "1-0"]
[WhiteElo "2514"]
[BlackElo "2280"]
[EventDate "2018.07.21"]
[WhiteFideId "25006479"]
[BlackFideId "4611853"]

1.b3 d5 2.Bb2 Nf6 3.e3 g6 4.d4 Bg7 5.Nc3 O-O 6.Qd2 b6 7.O-O-O Bb7 8.h4 
Nbd7 9.h5 Nxh5 10.g4 Nhf6 11.f3 h6 12.e4 dxe4 13.d5 Ne5 14.g5 hxg5 15.Qxg5
Nxf3 16.Nxf3 exf3 17.Bd3 Qd7 18.Rh4 Rad8 19.Rdh1 Qe8 20.Ne4 Rxd5 21.Bxf6 
exf6 22.Rh8+ 1-0

[Event "Xtracon Chess Open 2018"]
[Site "Elsinore"]
[Date "2018.07.29"]
[Round "10"]
[White "Thybo, Jesper Sondergaard"]
[Black "Storme, Isak"]
[Result "1-0"]
[WhiteElo "2497"]
[BlackElo "2277"]
[EventDate "2018.07.21"]
[WhiteFideId "1438832"]
[BlackFideId "1728113"]

1.d4 Nf6 2.c4 e6 3.Nf3 d5 4.Nc3 c5 5.cxd5 Nxd5 6.e3 Nc6 7.Bd3 Be7 8.O-O 
O-O 9.a3 cxd4 10.exd4 Bf6 11.Bc2 b6 12.Qd3 g6 13.Ne4 Bg7 14.Bg5 Qd7 15.Bb3
Bb7 16.Rfe1 f6 17.Bd2 Kh8 18.h4 Rad8 19.h5 gxh5 20.Ng3 h4 21.Nh5 e5 22.Bc2
f5 23.dxe5 Qf7 24.Nxg7 Nf4 25.Qc3 Nxg2 26.e6 Qg6 27.Nxf5+ Rf6 28.Qxf6+ 
Qxf6 29.Bc3 Nd4 30.Bxd4 Rxd4 31.e7 Rg4 32.e8=Q+ Rg8 33.Qxg8+ Kxg8 34.Re8+ 
Kf7 35.Re7+ Kf8 36.Rd1 Qxe7 37.Nxe7 Bxf3 38.Rd7 1-0

[Event "Xtracon Chess Open 2018"]
[Site "Elsinore"]
[Date "2018.07.29"]
[Round "10"]
[White "Mikalsen, Erlend"]
[Black "Bekker-Jensen, Simon"]
[Result "1/2-1/2"]
[WhiteElo "2292"]
[BlackElo "2483"]
[EventDate "2018.07.21"]
[WhiteFideId "1507338"]
[BlackFideId "1403613"]

1.e4 e5 2.Nc3 Nc6 3.Bc4 Nf6 4.d3 Na5 5.Qf3 Be7 6.Nge2 d6 7.h3 c6 8.Bb3 b5 
9.Ng3 O-O 10.Nf5 Ne8 11.h4 Nxb3 12.axb3 Be6 13.g4 a5 14.Ne2 d5 15.Neg3 
dxe4 16.dxe4 Bb4+ 17.Kf1 Kh8 18.h5 g6 19.Nh6 Qf6 20.Qg2 Bc5 21.g5 Qe7 22.
Qh2 Ra7 23.Kg2 Qd8 24.Nf1 Qd4 25.Qh4 Nd6 26.f3 Qd1 27.Ne3 Qe2+ 28.Qf2 
Qxf2+ 29.Kxf2 f5 30.gxf6 Rxf6 31.Ke2 gxh5 1/2-1/2

[Event "Xtracon Chess Open 2018"]
[Site "Elsinore"]
[Date "2018.07.29"]
[Round "10"]
[White "Aagaard, Jacob"]
[Black "Buchenau, Frank"]
[Result "1/2-1/2"]
[WhiteElo "2482"]
[BlackElo "2275"]
[EventDate "2018.07.21"]
[WhiteFideId "1401815"]
[BlackFideId "4604350"]

1.d4 e6 2.e4 d5 3.Nd2 Nf6 4.e5 Nfd7 5.c3 c5 6.Ngf3 Nc6 7.Bd3 Qb6 8.O-O 
cxd4 9.cxd4 Nxd4 10.Nxd4 Qxd4 11.Nf3 Qb6 12.Qa4 Qb4 13.Qc2 Qc5 14.Bxh7 
Qxc2 15.Bxc2 Bc5 16.Bd2 O-O 17.Rfe1 Nb6 18.a4 Bd7 19.Rec1 Nc4 20.Bc3 
1/2-1/2

[Event "Xtracon Chess Open 2018"]
[Site "Elsinore"]
[Date "2018.07.29"]
[Round "10"]
[White "Ochsner, Bjorn Moller"]
[Black "Song, Edward"]
[Result "0-1"]
[WhiteElo "2469"]
[BlackElo "2275"]
[EventDate "2018.07.21"]
[WhiteFideId "1416928"]
[BlackFideId "2051192"]

1.e4 e6 2.d4 d5 3.Nc3 Nf6 4.e5 Nfd7 5.f4 c5 6.Nf3 Nc6 7.Be3 a6 8.Qd2 b5 9.
Nd1 b4 10.Be2 a5 11.O-O Be7 12.c3 Qb6 13.Bf2 g6 14.Ne3 Ba6 15.Bxa6 Qxa6 
16.c4 cxd4 17.Nxd5 Bd8 18.Rac1 O-O 19.Rfd1 exd5 20.cxd5 Ne7 21.Nxd4 Bb6 
22.d6 Nf5 23.Nxf5 gxf5 24.Qc2 Bxf2+ 25.Kxf2 Qb6+ 26.Kf1 Qb5+ 27.Kg1 Qb6+ 
28.Kh1 Rfc8 29.Qxf5 Rxc1 30.Rxc1 Qe3 31.Qg4+ Kh8 32.Rf1 Qd3 33.Rg1 Rd8 34.
h3 Qe4 35.Qg5 f6 36.exf6 Rg8 37.Qxa5 Qxf4 38.Qb5 Nxf6 39.Qf1 Qxd6 40.Qf5 
Qd4 41.Re1 Qxb2 42.Re2 Qa1+ 43.Kh2 Qc3 44.Rc2 Qg3+ 45.Kh1 Qg6 46.Qe6 Re8 
47.Rc8 Rxc8 48.Qxc8+ Qe8 49.Qb7 Qe1+ 50.Kh2 Qe5+ 51.Kh1 Qd6 52.Qf7 Nd7 53.
Qe8+ Kg7 54.Qe3 Nf6 55.Qa7+ Kg6 56.Qa8 Kf5 57.Qc8+ Ke5 58.Qc4 Ne4 59.Qf7 
h6 60.Qc4 Qc5 61.Qg8 h5 62.Qh8+ Kf4 63.Qh6+ Kg3 64.Qg6+ Kf2 65.Qf7+ Ke1 
66.Qe8 Qe3 67.Kh2 h4 68.Qe6 Qd3 69.Qe7 Qd6+ 70.Qxd6 Nxd6 71.g3 Kd2 72.gxh4
Kc2 73.h5 Kb2 74.h6 Kxa2 75.h7 Nf7 0-1

[Event "Xtracon Chess Open 2018"]
[Site "Elsinore"]
[Date "2018.07.29"]
[Round "10"]
[White "O`Gorman, Tom"]
[Black "Nakar, Eylon"]
[Result "1/2-1/2"]
[WhiteElo "2280"]
[BlackElo "2462"]
[EventDate "2018.07.21"]
[WhiteFideId "2508249"]
[BlackFideId "2811111"]

1.e4 c5 2.Nf3 d6 3.d4 cxd4 4.Nxd4 Nf6 5.Nc3 a6 6.Bg5 Nbd7 7.Qe2 h6 8.Bh4 
g6 9.f4 e5 10.fxe5 dxe5 11.O-O-O Qc7 12.Nb3 b5 13.Rxd7 Nxd7 14.Nd5 Qb8 15.
Na5 Bc5 16.Qd2 Bb7 17.Be2 Bd4 18.Nxb7 Qxb7 19.c3 Bc5 20.Bg4 Nb6 21.Bf6 Nc4
22.Qe2 O-O 23.b3 Ne3 24.Bf3 Nxd5 25.exd5 Qb6 26.d6 Rae8 27.d7 Qxf6 28.
dxe8=Q Rxe8 29.Be4 Rd8 30.Rf1 Qg5+ 31.Kc2 Qe7 32.g4 b4 33.c4 Kg7 34.Bd5 
Rf8 35.h4 Bd4 36.h5 a5 37.Qe4 Qg5 38.hxg6 fxg6 39.Rxf8 Kxf8 40.Qf3+ Qf4 
41.Qxf4+ exf4 42.Kd3 Bc5 43.Ke4 Bd6 44.Bb7 Ke7 45.Bc8 Kf6 46.Bd7 Kg5 47.
Bc8 Kh4 48.Kf3 g5 49.Bd7 Kh3 50.Bc8 Kh2 51.Bf5 Kg1 52.Bd3 Bc5 53.Be2 Kh2 
54.Bd3 Kh3 55.Bf5 Kh4 56.Bc8 h5 57.gxh5 Kxh5 58.Bd7 Bd6 59.Bc8 Bc7 60.Bd7 
Kg6 61.Bg4 Kf6 62.Ke4 Ke7 63.Bf3 Kd6 64.Bg4 Kc5 65.Bf3 Bd8 66.Bg4 1/2-1/2

[Event "Xtracon Chess Open 2018"]
[Site "Elsinore"]
[Date "2018.07.29"]
[Round "10"]
[White "Mu, Ke"]
[Black "Svane, Frederik"]
[Result "1/2-1/2"]
[WhiteElo "2455"]
[BlackElo "2266"]
[EventDate "2018.07.21"]
[WhiteFideId "8602778"]
[BlackFideId "12923044"]

1.d4 Nf6 2.c4 e6 3.Nf3 b6 4.a3 Bb7 5.Nc3 d5 6.cxd5 Nxd5 7.e3 Nxc3 8.bxc3 
Nd7 9.a4 Be7 10.a5 c5 11.a6 Bc6 12.Qb3 O-O 13.Bb5 Qc7 14.O-O Rac8 15.Bb2 
Ba8 16.Rfe1 Nf6 17.h3 cxd4 18.cxd4 Qc2 19.Qxc2 Rxc2 20.Re2 Rfc8 21.Rae1 
Rxe2 1/2-1/2

[Event "Xtracon Chess Open 2018"]
[Site "Elsinore"]
[Date "2018.07.29"]
[Round "10"]
[White "Haugli, Petter"]
[Black "Antonsen, Mikkel"]
[Result "1/2-1/2"]
[WhiteElo "2231"]
[BlackElo "2452"]
[EventDate "2018.07.21"]
[WhiteFideId "1500104"]
[BlackFideId "1401378"]

1.c4 e6 2.Nf3 d5 3.d4 Nf6 4.Nc3 c5 5.cxd5 Nxd5 6.e4 Nxc3 7.bxc3 cxd4 8.
cxd4 Bb4+ 9.Bd2 Bxd2+ 10.Qxd2 O-O 11.Rc1 Nc6 12.Bb5 Ne7 13.O-O b6 14.Rfd1 
Bb7 15.Qe3 Qd6 16.Ne5 Rac8 17.Nc4 Qd8 18.Ba4 Ng6 19.Bb3 Qe7 20.d5 exd5 21.
exd5 Qf6 22.Nd2 Rxc1 23.Rxc1 Nf4 24.Ne4 Qe5 25.Nc3 Qf5 26.Rd1 h6 27.Rd4 g5
28.g3 Nh3+ 29.Kg2 Rc8 30.Ne2 g4 31.f3 h5 32.Qe4 Qd7 33.fxg4 Ng5 34.Qf5 Qe7
35.Nf4 Rc1 36.h4 Rg1+ 37.Kxg1 Qe3+ 38.Kg2 Qf3+ 39.Kh2 Qf2+ 40.Ng2 Nf3+ 41.
Kh3 Ng1+ 42.Kh2 Nf3+ 43.Kh3 Ng1+ 44.Kh2 1/2-1/2

[Event "Xtracon Chess Open 2018"]
[Site "Elsinore"]
[Date "2018.07.29"]
[Round "10"]
[White "Bjerre, Jonas Buhl"]
[Black "Laubsch, Bernd"]
[Result "1-0"]
[WhiteElo "2436"]
[BlackElo "2269"]
[EventDate "2018.07.21"]
[WhiteFideId "1444948"]
[BlackFideId "4663314"]

1.e4 c5 2.Nf3 d6 3.d4 cxd4 4.Nxd4 Nf6 5.Nc3 Nc6 6.Bg5 Qb6 7.Nb3 e6 8.Qd2 
Be7 9.O-O-O O-O 10.f3 a6 11.g4 Rd8 12.Be3 Qc7 13.g5 Nd7 14.h4 b5 15.a3 
Nce5 16.Nd4 Nb6 17.Qe1 Nec4 18.Bg1 d5 19.exd5 Nxd5 20.Nxd5 Rxd5 21.Bd3 g6 
22.Be4 Bb7 23.Bxd5 Bxd5 24.Rd3 Rc8 25.Qe2 Qb7 26.Nb3 a5 27.Bd4 Bd6 28.Kb1 
a4 29.Nd2 b4 30.axb4 Qxb4 31.Ne4 Bxe4 32.Qxe4 a3 33.Bc3 Qb6 34.b3 a2+ 35.
Ka1 Na3 36.Rc1 Nxc2+ 37.Rxc2 Qxb3 38.Rc1 Ba3 39.Rd8+ Rxd8 40.Qe5 f6 41.
Qxf6 1-0

[Event "Xtracon Chess Open 2018"]
[Site "Elsinore"]
[Date "2018.07.29"]
[Round "10"]
[White "Bekker-Jensen, David"]
[Black "Hilby, Craig"]
[Result "1/2-1/2"]
[WhiteElo "2200"]
[BlackElo "2426"]
[EventDate "2018.07.21"]
[WhiteFideId "1403095"]
[BlackFideId "2062674"]

1.d4 Nf6 2.c4 c5 3.d5 e6 4.Nc3 exd5 5.cxd5 d6 6.Nf3 g6 7.Nd2 Bg7 8.e4 O-O 
9.Be2 Re8 10.O-O Na6 11.f3 Nc7 12.a4 Nd7 13.Kh1 f5 14.exf5 gxf5 15.Nc4 Ne5
16.Bf4 Nxc4 17.Bxc4 Qf6 18.Qb3 b6 19.Nb5 Nxb5 20.Bxb5 Re7 21.a5 Rb8 22.a6 
Bd7 23.Bxd7 Rxd7 24.Qb5 Rbd8 25.Rab1 Re7 26.Rfe1 Rxe1+ 27.Rxe1 Qd4 28.Bg5 
Rf8 29.Be7 Qd2 30.Rf1 Rf7 31.Qe8+ Bf8 32.Bxf8 Rxf8 33.Qe6+ Kg7 34.Re1 Rf6 
35.Qe7+ Rf7 36.Qe6 Rf6 37.Qe7+ Rf7 38.Qe6 Rf6 1/2-1/2

[Event "Xtracon Chess Open 2018"]
[Site "Elsinore"]
[Date "2018.07.29"]
[Round "10"]
[White "Carlstedt, Jonathan"]
[Black "Heimisson, Hilmir Freyr"]
[Result "1-0"]
[WhiteElo "2425"]
[BlackElo "2241"]
[EventDate "2018.07.21"]
[WhiteFideId "24614386"]
[BlackFideId "2309998"]

1.c4 Nf6 2.g3 e6 3.Bg2 d5 4.Nf3 Be7 5.O-O O-O 6.b3 b6 7.Bb2 c5 8.d4 Bb7 9.
dxc5 Bxc5 10.Qc2 Nbd7 11.Nbd2 Rc8 12.Rad1 dxc4 13.Nxc4 Bxf3 14.exf3 b5 15.
Ne5 Qc7 16.f4 Nxe5 17.Bxe5 Qb6 18.Qb2 Ng4 19.Bd4 Bxd4 20.Rxd4 Rfd8 21.
Rxd8+ Rxd8 22.Rc1 h6 23.h3 Nf6 24.Bf3 b4 25.Rc6 Qb5 26.Qc2 Nd5 27.f5 Ne7 
28.Rc5 Qb6 29.fxe6 Qxe6 30.Qe4 Qf6 31.Rc7 Nf5 32.Kg2 a5 33.Rc6 Nd6 34.Qd5 
g6 35.Qxa5 Re8 36.Qxb4 Re6 37.a4 Qe7 38.a5 Rf6 39.a6 Qd7 40.Rxd6 Rxd6 41.
Qxd6 Qxd6 42.a7 1-0

[Event "Xtracon Chess Open 2018"]
[Site "Elsinore"]
[Date "2018.07.29"]
[Round "10"]
[White "Akesson, Ralf"]
[Black "Salles, Louis"]
[Result "1-0"]
[WhiteElo "2397"]
[BlackElo "2227"]
[EventDate "2018.07.21"]
[WhiteFideId "1700120"]
[BlackFideId "20641826"]

1.d4 Nf6 2.c4 c5 3.d5 e6 4.Nc3 exd5 5.cxd5 d6 6.e4 g6 7.f4 Bg7 8.Bb5+ Nfd7
9.a4 O-O 10.Nf3 Na6 11.O-O Nb4 12.f5 a6 13.Bxd7 Bxd7 14.Bf4 c4 15.a5 Nd3 
16.Bxd6 Re8 17.fxg6 hxg6 18.Qd2 b5 19.b4 Bg4 20.e5 Bxf3 21.Rxf3 Nxe5 22.
Bxe5 Rxe5 23.d6 Ra7 24.Rd1 Rd7 25.Nd5 Rxd6 26.Ne7+ Qxe7 27.Qxd6 Re1+ 28.
Rf1 Rxf1+ 29.Kxf1 Qe4 30.Qxa6 c3 31.Qc8+ Kh7 32.Qh3+ Kg8 33.Rd8+ Bf8 34.
Qxc3 Qb1+ 35.Qe1 Qf5+ 36.Kg1 Qf6 37.Re8 Qd4+ 38.Kh1 g5 39.h3 Qd6 40.Qe5 
Qd1+ 41.Kh2 Qd2 42.a6 Qxb4 43.a7 1-0

[Event "Xtracon Chess Open 2018"]
[Site "Elsinore"]
[Date "2018.07.29"]
[Round "10"]
[White "Berg, Olaf"]
[Black "Hoi, Carsten"]
[Result "1-0"]
[WhiteElo "2226"]
[BlackElo "2389"]
[EventDate "2018.07.21"]
[WhiteFideId "7200420"]
[BlackFideId "1400100"]

1.e4 g6 2.Nf3 Bg7 3.d4 d6 4.Bc4 c6 5.Bb3 Nf6 6.Qe2 e5 7.dxe5 dxe5 8.O-O 
Qc7 9.Na3 b5 10.Bd2 a5 11.c4 b4 12.Nb1 c5 13.Ba4+ Nbd7 14.Bg5 O-O 15.Bxd7 
Nxd7 16.Nbd2 f6 17.Bh4 Bb7 18.Ne1 f5 19.f3 f4 20.Nd3 h6 21.Bf2 a4 22.a3 b3
23.Rac1 Rfd8 24.Nb1 Ba6 25.Nc3 Bxc4 26.Nd5 Bxd5 27.exd5 c4 28.Nb4 e4 29.
Rxc4 Qb7 30.Rxe4 Nf6 31.Re7 Re8 32.Qe6+ 1-0

[Event "Xtracon Chess Open 2018"]
[Site "Elsinore"]
[Date "2018.07.29"]
[Round "10"]
[White "Hagen, Andreas Skytte"]
[Black "Liu, Manli"]
[Result "1/2-1/2"]
[WhiteElo "2383"]
[BlackElo "2167"]
[EventDate "2018.07.21"]
[WhiteFideId "1407341"]
[BlackFideId "8608121"]

1.e4 e6 2.d4 d5 3.Nc3 Nf6 4.e5 Nfd7 5.f4 c5 6.Nf3 Nc6 7.Be3 Be7 8.Qd2 O-O 
9.dxc5 Nxc5 10.O-O-O a6 11.Qf2 b6 12.Kb1 Qc7 13.Nd4 Bb7 14.Bd3 Rac8 15.
Nxc6 Qxc6 16.Rd2 b5 17.Ne2 b4 18.Nd4 Qc7 19.Qe2 a5 20.Qh5 Ne4 21.Bxe4 dxe4
22.Nb5 Qc4 23.Nd6 Bxd6 24.exd6 Bd5 25.b3 Qc6 26.f5 a4 27.f6 axb3 28.cxb3 
Qc3 29.fxg7 Rfd8 30.Rf1 Rd7 31.Qe2 Qe5 32.Bf4 Qxg7 33.Be3 Rxd6 34.Bd4 Qg6 
35.Qe3 Rdc6 36.Rf6 Qg4 37.h3 Qh4 38.Rh6 Rc1+ 39.Kb2 Qe1 40.Qg5+ Kf8 41.
Qg7+ Ke8 42.Qg8+ Ke7 43.Bf6+ Kd6 44.Be5+ Kxe5 45.Qg5+ f5 46.Qf6+ Kf4 47.
Rh4+ Kg3 48.Qe5+ Kxh4 49.Qf4+ Kh5 50.g4+ Kg6 51.gxf5+ Kf7 52.fxe6+ Kxe6 
53.Qh6+ Ke7 54.Qg5+ Kf8 55.Qf6+ Bf7 56.Qh8+ Ke7 57.Qe5+ Be6 58.Qg7+ Ke8 
59.Qh8+ Kf7 60.Qxh7+ Kf6 61.Qh6+ Kf5 62.Qh5+ Kf4 63.Qh6+ Kg3 64.Qg6+ Kf4 
65.Qh6+ Kf5 66.Qh5+ Kf6 67.Qh6+ Ke7 68.Qg7+ Ke8 69.Qh8+ Kf7 70.Qh7+ Kf8 
71.Qh6+ Ke7 72.Qg7+ Bf7 73.Qe5+ Kf8 74.Qh8+ Bg8 75.Qf6+ Ke8 76.Qe5+ Kf8 
77.Qf6+ Ke8 78.Qe5+ Kf8 1/2-1/2

[Event "Xtracon Chess Open 2018"]
[Site "Elsinore"]
[Date "2018.07.29"]
[Round "10"]
[White "Nielsen, Andre"]
[Black "Sawatzki, Frank"]
[Result "1/2-1/2"]
[WhiteElo "2178"]
[BlackElo "2380"]
[EventDate "2018.07.21"]
[WhiteFideId "1518240"]
[BlackFideId "4613600"]

1.e4 c5 2.Nf3 e6 3.d4 cxd4 4.Nxd4 Nc6 5.Nc3 Qc7 6.Be2 Nf6 7.Be3 Be7 8.O-O 
O-O 9.f4 d6 10.Qe1 Nxd4 11.Bxd4 e5 12.Be3 exf4 13.Rxf4 Be6 14.Bd4 Nd7 15.
Nd5 Bxd5 16.exd5 Ne5 17.c4 f5 18.Qg3 Rf7 19.Raf1 Raf8 20.Qc3 Nd7 21.g4 Bf6
22.Rxf5 Bxd4+ 23.Qxd4 Rxf5 24.Rxf5 Rxf5 25.gxf5 a5 26.Kg2 Qd8 27.Qe3 Kf8 
28.b3 Qe7 29.Qxe7+ Kxe7 30.Kf3 Kf6 31.Kf4 Nc5 32.h3 a4 33.bxa4 Nxa4 34.a3 
b6 35.h4 Nc5 36.Bf1 h6 37.Be2 Na4 38.Bd1 Nb2 39.Be2 Na4 40.Bd1 Nb2 41.Be2 
Na4 1/2-1/2

[Event "Xtracon Chess Open 2018"]
[Site "Elsinore"]
[Date "2018.07.29"]
[Round "10"]
[White "Pantzar, Milton"]
[Black "Mejvik, Jacob"]
[Result "1-0"]
[WhiteElo "2333"]
[BlackElo "2099"]
[EventDate "2018.07.21"]
[WhiteFideId "1721003"]
[BlackFideId "1710621"]

1.Nf3 d5 2.g3 Bg4 3.Bg2 Nd7 4.h3 Bh5 5.c4 c6 6.d4 e6 7.O-O Ngf6 8.cxd5 
exd5 9.Qb3 Qb6 10.Qe3+ Be7 11.Nh4 Kf8 12.f4 Re8 13.g4 Bxg4 14.hxg4 Nxg4 
15.Qg3 h5 16.Nf5 Bf6 17.e3 g6 18.Nd6 Rxe3 19.Bxe3 Nxe3 20.Nd2 Bxd4 21.Kh1 
Nf6 22.Nf3 Bc5 23.Nxf7 Ne4 24.Qxg6 Rg8 25.Qh6+ Ke7 26.N7g5 Ng3+ 27.Kh2 
Ng4+ 28.Kxg3 Nxh6 29.Bh3 Be3 30.Rae1 d4 31.Nxd4 Qxd4 32.Rf3 h4+ 33.Kxh4 
Kd6 34.Rexe3 Qxb2 35.Re6+ Kc7 36.Rxh6 b5 37.Kg3 Qc1 38.Kh2 Qd2+ 39.Bg2 Kb6
40.Rxc6+ Ka5 41.Re6 Rc8 42.Kg3 Rc2 43.Bf1 Rxa2 44.Re2 Qd5 45.Re5 Qd4 46.
Rxb5+ Ka4 47.Re5 Qg1+ 48.Kh4 Rb2 49.Bh3 Rb8 50.Re4+ Rb4 51.Bd7+ Ka5 52.
Ra3+ Kb6 53.Rxb4+ Kc7 54.Rg3 Qe1 55.Re4 Qh1+ 56.Bh3 a5 57.f5 Kd6 58.f6 Qa1
59.Rf3 a4 60.f7 Qh8+ 61.Kg3 1-0